Largest Lakes that border at least 2 Countries - with countries - Statistics

General Stats
  • This quiz has been taken 129 times
    124 since last reset
  • The average score is 22 of 28
Answer Stats
Lakes % Correct
Canada
92%
Lake Superior
92%
Lake Victoria
92%
United States
92%
Tanzania
91%
Malawi
89%
Uganda
89%
Kenya
88%
Lake Erie
87%
Russia
85%
Caspian Sea
84%
Lake Huron
84%
Azerbaijan
83%
Burundi
83%
Kazakhstan
82%
Iran
81%
Mozambique
80%
Turkmenistan
80%
Lake Ontario
79%
Zambia
79%
Lake Tanganyika
72%
Democratic Republic of the Congo
65%
Ethiopia
65%
Bolivia
58%
Peru
58%
Lake Titicaca
57%
Lake Malawi (Lake Nyasa)
48%
Lake Turkana
24%
No matching quizzes found
Score Distribution
Percent of People with Each Score
Percentile by Number Answered
Your Score History
You have not taken this quiz since the last reset